000 00594nam a22002297a 4500
999 _c1795
_d1795
001 1795
003 BD-JhCC
005 20180212134912.0
008 171024s2007 ii |a||| ||a| 00| 0 eng d
035 _a(BD-JhCC)1795
040 _aBD-JhCC
_dBD-JhCC
041 _aeng
082 _223
_a596
_bKOT 2007
100 _aKotpal, R. L.
245 _aMofern Text Book of Zoology :
_bvertebrates /
_cR. L. Kotpal
260 _aDHILE :
_bRastogi Publications,
_c2007.
300 _a864 p. :
_bills. ;
_c21 cm.
650 _aBiodiversity
650 _aVertebrates
942 _2ddc
_cBK